| 000 | 00629cam a22001691 4500 | ||
|---|---|---|---|
| 082 |
_a620.11 _bBRA _cL-21, P-11 |
||
| 100 | 1 |
_aBrady, George Stuart, [from old catalog] _947175 |
|
| 245 | 1 | 0 |
_aMaterials handbook : _ban encyclopedia for purchasing agents, engineers, executives, and foremen / _cby George S. Brady. |
| 250 | _a5th ed., second impression. | ||
| 260 |
_aNew York ; _aLondon : _bMcGraw-Hill Book Co., _c1944. |
||
| 300 |
_avii, 765 p. : _bill. ; _c22 cm. |
||
| 526 |
_a0 _b0 _c0 _d620_110000000000000_BRA |
||
| 650 | 0 | _aBuilding materials | |
| 650 | 0 |
_aCommercial products _947176 |
|
| 650 | 0 |
_aMCE _9379 |
|
| 942 |
_2ddc _cBK |
||
| 999 |
_c550472 _d550472 |
||